zpět

Detail výsledku týmu

Kozlovna Oskol, Kroměříž

Datum a čas kvízu

20.5 Celkem bodů Celkový počet nahraných bodů na tomto kvízu bez doplňovacích otázek.
8. Pořadí na kvízu Konečné umístění týmu na tomto kvízu.

Zaznamenané odpovědi

# Otázka Odpověď Body Výsledky
1. Minulý týden jsme se dozvěděli... v Havlíčkově Brodě 0
2. Někdo chodí do školy pěšky, ně... D) na praseti 0
3. V areálu pražského Výstaviště... Alanis Morissette, Rag'n'Bone Man 0
4. V pondělí začala stavba půlkil... C) v Plzeňském kraji 0
5. Novozélanďan Maynard Williams... plank (prkno) 0
6. Začneme politikou. Nezávislost... muži 28. října 0
7. V letech 1918–1928 bylo Českos... Podkarpatská Rus (Zakarpatská Ukrajina) 1
8. Na fotce vidíme jeden z rekons... Aero 0
9. Zde vidíme portrét módní návrh... Hana Podolská 1
10. Věra Menčíková se narodila v r... D) šachům 0